|
|
|
|
| LEADER |
00635nam a2200181 i 4500 |
| 001 |
c000079299 |
| 003 |
CARM |
| 005 |
00000000000000.0 |
| 008 |
851119s1963 enk 0 d |
| 019 |
1 |
|
|a 4093909
|5 LACONCORD2021
|
| 035 |
|
|
|a (OCoLC)217361016
|5 LACONCORD2021
|
| 100 |
1 |
|
|a Baldwin, Faith,
|d 1893-
|
| 245 |
1 |
4 |
|a The west wind.
|
| 260 |
|
|
|a Lond. :
|b Romance Book Club,
|c 1963.
|
| 300 |
|
|
|a 190p.
|
| 852 |
8 |
|
|b CARM
|h A2:AG35G0
|i A01533
|p 0128313
|f BK
|
| 999 |
f |
f |
|i 88a177a8-6409-5109-9c77-bd25f3fd9d7f
|s 6d1bb5e6-8a0b-592b-b130-eb13c34b9dbe
|
| 952 |
f |
f |
|p Can circulate
|a CAVAL
|b CAVAL
|c CAVAL
|d CARM 1 Store
|e A01533
|f A2:AG35G0
|h Other scheme
|i book
|m 0128313
|